Central Library, Doon University
WEBOPAC (ONLINE PUBLIC ACCESS CATALOGUE)

Elements of Company Law (Record no. 60014)

MARC details
000 -LEADER
fixed length control field 00498nam a22001937a 4500
005 - DATE & TIME
control field 20260407145853.0
008 - FIXED-LENGTH DATA ELEMENTS--GENERAL INFORMATION
fixed length control field 260120b |||||||| |||| 00| 0 eng d
020 ## - ISBN
International Standard Book Number 9789391820978
Price 395.00
040 ## - CATALOGING SOURCE
Original cataloging agency Doon University
041 ## - Language
Language English
082 ## - DDC NUMBER
Book Number KAP
Classification number 346.07
100 ## - MAIN ENTRY--PERSONAL NAME
Personal name Kapoor, N.D.
245 ## - TITLE STATEMENT
Title Elements of Company Law
Sub Title : Academic Textbook on the Companies Act 2013
250 ## - EDITION STATEMENT
Edition statement 32th
260 ## - PUBLICATION, DISTRIBUTION, ETC. (IMPRINT)
Place of publication, distribution, etc New Delhi
Name of publisher, distributor, etc S. Chand
Date of publication, distribution, etc 2025
300 ## - PHYSICAL DESCRIPTION
Pages 468
650 ## - Subject
Subject Commerce
942 ## - ADDED ENTRY ELEMENTS (KOHA)
Koha item type Books
100 ## - MAIN ENTRY--PERSONAL NAME
-- 1633
952 ## - LOCATION AND ITEM INFORMATION (KOHA)
-- 2026-01-20
952 ## - LOCATION AND ITEM INFORMATION (KOHA)
-- 2026-01-20
952 ## - LOCATION AND ITEM INFORMATION (KOHA)
-- 2026-01-20
952 ## - LOCATION AND ITEM INFORMATION (KOHA)
-- 2026-01-20
952 ## - LOCATION AND ITEM INFORMATION (KOHA)
-- 2026-01-20
952 ## - LOCATION AND ITEM INFORMATION (KOHA)
-- 2026-01-20
952 ## - LOCATION AND ITEM INFORMATION (KOHA)
-- 2026-01-20
952 ## - LOCATION AND ITEM INFORMATION (KOHA)
-- 2026-01-20
952 ## - LOCATION AND ITEM INFORMATION (KOHA)
-- 2026-01-20
952 ## - LOCATION AND ITEM INFORMATION (KOHA)
-- 2026-01-20
Holdings
Withdrawn status Lost status Source of classification or shelving scheme Damaged status Not for loan Location (home branch) Sublocation or collection (holding branch) Date acquired Koha full call number Accession No. Koha date last seen Koha item type Koha issues (times borrowed)
        Not For Loan Doon University Doon University 20.01.2026 346.07 KAP 51449 20.01.2026 Reference  
          Doon University Doon University 20.01.2026 346.07 KAP 51450 20.01.2026 Books  
          Doon University Doon University 20.01.2026 346.07 KAP 51451 20.01.2026 Books  
          Doon University Doon University 20.01.2026 346.07 KAP 51452 20.01.2026 Books  
          Doon University Doon University 20.01.2026 346.07 KAP 51453 20.01.2026 Books  
          Doon University Doon University 20.01.2026 346.07 KAP 51454 20.01.2026 Books  
          Doon University Doon University 20.01.2026 346.07 KAP 51455 20.01.2026 Books  
          Doon University Doon University 20.01.2026 346.07 KAP 51456 20.01.2026 Books  
          Doon University Doon University 20.01.2026 346.07 KAP 51457 20.01.2026 Books  
          Doon University Doon University 20.01.2026 346.07 KAP 51458 20.01.2026 Books  
Contact : +91-135-2533126 (Library),+91-135-2533105 (Admin Office) , Email : doonlibrary@gmail.com

Powered by Koha